000 00286nam a2200121Ia 4500
008 190216s9999||||xx |||||||||||||| ||und||
100 _aSubash Sathesh & Sindhwani
245 0 _aPhase Rule
260 _bJaiprakashnath&Co:
_c1978
300 _a59p
650 _aChemistry
942 _cBK
999 _c2251
_d2251